Largest Metropolitan Statistical Areas in the United States With a Map - Statistics

General Stats
  • This quiz has been taken 3,210 times
  • The average score is 52 of 57
Answers on the Map
Answers color-coded by a green-red scale on the quiz's map according to % correct below.
 
Answer Stats
State Population MSA % Correct
IL-IN-WI 9,618,502 Chicago-Naperville-Elgin
99%
TX 7,122,240 Houston-The Woodlands-Sugar Land
99%
CA 13,200,998 Los Angeles-Long Beach-Anaheim
99%
FL 6,138,333 Miami-Fort Lauderdale-West Palm Beach
99%
NY-NJ-PA 20,140,470 New York-Newark-Jersey City
99%
CA 4,749,008 San Francisco-Oakland-Berkeley
99%
WA 4,018,762 Seattle-Tacoma-Bellevue
99%
MA-NH 4,941,632 Boston-Cambridge-Newton
98%
TX 7,637,387 Dallas-Fort Worth-Arlington
98%
CO 2,963,821 Denver-Aurora-Lakewood
98%
GA 6,089,815 Atlanta-Sandy Springs-Alpharetta
97%
MI 4,392,041 Detroit–Warren–Dearborn
97%
LA 1,271,845 New Orleans-Metairie
97%
AZ 4,845,832 Phoenix-Mesa-Chandler
97%
OR-WA 2,512,859 Portland-Vancouver-Hillsboro
97%
DC-VA-MD-WV 6,385,162 Washington-Arlington-Alexandria
97%
TX 2,283,371 Austin-Round Rock-Georgetown
96%
NV 2,265,461 Las Vegas-Henderson-Paradise
96%
FL 2,673,376 Orlando-Kissimmee-Sanford
96%
PA-NJ-DE-MD 6,245,051 Philadelphia-Camden-Wilmington
96%
UT 1,257,936 Salt Lake City
96%
CA 3,298,634 San Diego-Chula Vista-Carlsbad
96%
FL 3,175,275 Tampa-St. Petersburg-Clearwater
96%
MN-WI 3,690,261 Minneapolis-St. Paul-Bloomington,
95%
HI 1,016,508 Urban Honolulu
95%
MD 2,844,510 Baltimore-Columbia-Towson
94%
FL 1,605,848 Jacksonville
94%
MO-KS 2,192,035 Kansas City
94%
TN 1,989,519 Nashville-Davidson–Murfreesboro–Franklin
94%
OK 1,425,695 Oklahoma City
94%
IN 2,111,040 Indianapolis-Carmel-Anderson
93%
TX 2,558,143 San Antonio-New Braunfels
93%
NY 1,166,902 Buffalo-Niagara Falls
92%
OH 2,088,251 Cleveland-Elyria
92%
MO-IL 2,820,253 St. Louis
92%
OH-KY-IN 2,256,884 Cincinnati
91%
OH 2,138,926 Columbus
91%
PA 2,370,930 Pittsburgh
91%
CA 2,397,382 Sacramento-Roseville-Folsom
91%
NC-SC 2,660,329 Charlotte-Concord-Gastonia
90%
TN-MS-AR 1,337,779 Memphis
90%
WI 1,574,731 Milwaukee-Waukesha
90%
CA 2,000,468 San Jose-Sunnyvale-Santa Clara
90%
RI-MA 1,676,579 Providence-Warwick
86%
PR 2,002,906 San Juan-Bayamón-Caguas
86%
NC 1,413,982 Raleigh-Cary
85%
VA 1,314,434 Richmond
84%
AZ 1,043,433 Tucson
84%
VA-NC 1,799,674 Virginia Beach-Norfolk-Newport News
84%
AL 1,115,289 Birmingham-Hoover
83%
KY-IN 1,285,439 Louisville/Jefferson County
82%
OK 1,015,331 Tulsa
82%
CT 1,213,531 Hartford-East Hartford-Middletown
80%
CA 1,008,654 Fresno
76%
NY 1,090,135 Rochester
73%
CA 4,599,839 Riverside-San Bernardino-Ontario
72%
MI 1,087,592 Grand Rapids-Kentwood
69%
No matching quizzes found
Score Distribution
Percent of People with Each Score
Percentile by Number Answered
Your Score History
You have not taken this quiz